Statistiques concernant Monuments Los Angeles

Cliquez ici pour prendre le quiz!

Statistiques générales

  • Ce quiz a été pris 40 fois
  • Le résultat moyen est 3 sur 16

Statistiques - réponses

Réponse% Correct
Santa Monica
72%
Staples Center
47%
Hollywood Boulevard
44%
Observatoire Griffith
31%
Panneau Hollywood
28%
Universal Studios
25%
Beverly Hills
9%
Canaux de Venice
9%
Dolby Theater
6%
Walt Disney Concert Hall
6%
Chinese Theatre
3%
Aéroport de Los Angeles LAX
0%
Capital Record
0%
Dodgers Stadium
0%
Sofi Stadium
0%
Venice Beach Skatepark
0%

Distribution des résultats

Percentile par nombre de réponses

% des personnes avec chaque résultat

Votre développement - résultats

Vous n’avez pas pris ce quiz